Textos reunidos / (Registro nro. 14083)

Detalles MARC
000 -LEADER
fixed length control field 01405nam a2200361 a 4500
001 - CONTROL NUMBER
control field
003 - CONTROL NUMBER IDENTIFIER
control field DO-SdBNP
005 - DATE AND TIME OF LATEST TRANSACTION
control field 20220316091748.0
008 - FIXED-LENGTH DATA ELEMENTS--GENERAL INFORMATION
fixed length control field 090720s2008 dr 000 0dspa d
020 ## - INTERNATIONAL STANDARD BOOK NUMBER
International Standard Book Number 9789945020410
020 ## - INTERNATIONAL STANDARD BOOK NUMBER
International Standard Book Number 9789945020403
020 ## - INTERNATIONAL STANDARD BOOK NUMBER
International Standard Book Number 9789945020427
020 ## - INTERNATIONAL STANDARD BOOK NUMBER
International Standard Book Number 9789945020434
040 ## - CATALOGING SOURCE
Original cataloging agency DO-SdBNP
Language of cataloging spa
Transcribing agency BPMSU
082 ## - DEWEY DECIMAL CLASSIFICATION NUMBER
Classification number RD868.3
Item number G182t 2008
Edition number 22
100 ## - MAIN ENTRY--PERSONAL NAME
Personal name Galván, Manuel de J.
Fuller form of name (Manuel de Jesús)
Dates associated with a name 1834-1910
245 10 - TITLE STATEMENT
Title Textos reunidos /
Statement of responsibility, etc. Manuel de Jesús Galván ; editor Andrés Blanco Díaz.
260 ## - PUBLICATION, DISTRIBUTION, ETC. (IMPRINT)
Place of publication, distribution, etc. Santo Domingo :
Name of publisher, distributor, etc. Archivo General de la Nación,
Date of publication, distribution, etc. 2008.
300 ## - PHYSICAL DESCRIPTION
Extent 4 v. ;
Dimensions 23 cm.
490 0# - SERIES STATEMENT
Series statement Archivo General de la Nación,
Volume/sequential designation 56-59
500 ## - GENERAL NOTE
General note Incluye índice onomástico
505 2# - FORMATTED CONTENTS NOTE
Miscellaneous information v.1.
Title Escritos políticos iniciales --
Miscellaneous information v.2
Title Ensayos --
Miscellaneous information v.3
Title Artículos y controversia histórica --
Miscellaneous information v.4
Title Cartas, ministerios y misiones diplomáticas
590 ## - LOCAL NOTE (RLIN)
Local note Inventariado, 2022/VM
600 14 - SUBJECT ADDED ENTRY--PERSONAL NAME
Personal name Galván, Manuel de J.
Fuller form of name (Manuel de Jesús)
Dates associated with a name 1834-1910
650 #4 - SUBJECT ADDED ENTRY--TOPICAL TERM
Topical term or geographic name as entry element Ensayos dominicanos
Form subdivision Colecciones
651 #4 - SUBJECT ADDED ENTRY--GEOGRAPHIC NAME
Geographic name República Dominicana
General subdivision Política y gobierno
651 #4 - SUBJECT ADDED ENTRY--GEOGRAPHIC NAME
Geographic name República Dominicana
General subdivision Historia
Form subdivision Fuentes
651 #4 - SUBJECT ADDED ENTRY--GEOGRAPHIC NAME
Geographic name República Dominicana
General subdivision Historia
Chronological subdivision 1844-1930
700 1# - ADDED ENTRY--PERSONAL NAME
Personal name Blanco Díaz, Andrés
Relator term editor
710 2# - ADDED ENTRY--CORPORATE NAME
Corporate name or jurisdiction name as entry element Archivo General de la Nación (República Dominicana)
910 ## - USER-OPTION DATA (OCLC)
User-option data VMateo V.
942 ## - ADDED ENTRY ELEMENTS (KOHA)
Source of classification or shelving scheme Dewey Decimal Classification
Koha item type Mapas
Existencias
Withdrawn status Lost status Source of classification or shelving scheme Damaged status Not for loan Collection code Home library Current library Date acquired Total Checkouts Full call number Barcode Date last seen Price effective from Koha item type
    Dewey Decimal Classification     Colección Dominicana Biblioteca Pública Metropolitana Salomé Ureña Biblioteca Pública Metropolitana Salomé Ureña 03/16/2022   BPMSU CD RD868.3 G182t 2008 BPMSU22030045 03/16/2022 03/16/2022 Mapas